Statistics for X-Men Characters

Click here to take the quiz!

General Stats

  • This quiz has been taken 18 times
  • The average score is 14 of 15

Answer Stats

HintAnswer% Correct
Metallic wings and flightAngel
100%
Powerful optic blast Cyclops
100%
Cold and ice manipulationIceman
100%
Telepathy and telekinesisJean Grey
100%
Control over metallic objectsMagneto
100%
Shape-shifting Mystique
100%
TeleportationNightcrawler
100%
Superhuman speedQuicksilver
100%
Control of the weatherStorm
100%
Adamantium claws and healing powersWolverine
100%
Telepathy and other psionic powersProfessor X
87%
Fire manipulationPyro
87%
Absorb others' abilitiesRogue
87%
Exceptional agilityBeast
80%
PyschokinesisPsylocke
67%

Score Distribution

Percentile by Number Answered

Percent of People with Each Score

Your Score History

You have not taken this quiz